00302nam a2200133Ia 4500003000900000008004100009040001300050040001300063245004600076245001100122260002100133300000800154490000600162IT-RoPAU120407s9999 xx 000 0 und d aIT-RoPAU cIT-RoPAU a100 punti caldi della storia della Chiesa cAA.VV. aEdizioni Paoline c cm v1